Central Library OPAC University of Rajshahi

Intermediate accounting / (Record no. 44706)

MARC details
000 -LEADER
fixed length control field 00683nam a2200229 a 4500
001 - CONTROL NUMBER
control field 44706
003 - CONTROL NUMBER IDENTIFIER
rucl marc code BD-RjUL
005 - DATE AND TIME OF LATEST TRANSACTION
control field 20211209053914.0
008 - FIXED-LENGTH DATA ELEMENTS--GENERAL INFORMATION
fixed length control field 160720s1949 ohu b 000 0 eng
035 ## - SYSTEM CONTROL NUMBER
System control number (BD-RjUL)44824
040 ## - CATALOGING SOURCE
Original cataloging agency DLC
Transcribing agency DLC
Modifying agency OCL
-- ZCU
-- BD-RjUL
Language of cataloging eng
041 ## - LANGUAGE CODE
Language code of text/sound track or separate title eng
082 00 - DEWEY DECIMAL CLASSIFICATION NUMBER
Edition number 23
Classification number 657
Author mark and year SII 1949
100 ## - MAIN ENTRY--PERSONAL NAME
Personal name Karrenbrock, Wilbert Eugene,
9 (RLIN) 137088
245 10 - TITLE STATEMENT
Title Intermediate accounting /
Statement of responsibility, etc. by Wilbert E. Karrenbrock and Harry Simons
260 ## - PUBLICATION, DISTRIBUTION, ETC. (IMPRINT)
Place of publication, distribution, etc. Cincinnati :
Name of publisher, distributor, etc. South-western Pub. Co.,
Date of publication, distribution, etc. 1949
300 ## - PHYSICAL DESCRIPTION
Pagination x, 597 p. :
Illustrations ill. ;
Size 24 cm.
500 ## - GENERAL NOTE
General note includes index.
650 #0 - SUBJECT ADDED ENTRY--TOPICAL TERM
Topical term or geographic name as entry element Accounting.
9 (RLIN) 48803
700 1# - ADDED ENTRY--PERSONAL NAME
Personal name Simons, Harry,
942 ## - ADDED ENTRY ELEMENTS (KOHA)
Source of classification or shelving scheme Dewey Decimal Classification
Koha item type Books
Holdings
Lost status Source of classification or shelving scheme Damaged status Not for loan Collection code Permanent Location Current Location Shelving location Date acquired Source of acquisition Total Checkouts Full call number Date last seen Copy number Koha item type
  Dewey Decimal Classification     Non-fiction Central Library, University of Rajshahi Central Library, University of Rajshahi   11/03/1974 Canada Govt. Gift   657 SII 1949 20/07/2016 C-2 Books